[Event "Moscow Rapid-ch 2018"]
[Site "Moscow"]
[Date "2018.12.08"]
[Round "6"]
[White "Reprintsev, Alexander"]
[Black "Naumkin, Igor"]
[Result "0-1"]
[WhiteElo "2371"]
[BlackElo "2410"]
[Annotator "TA"]
[PlyCount "124"]
[EventDate "2018.12.08"]
[EventType "swiss"]
[EventCountry "RUS"]
[SourceTitle "playchess.com"]
[Source "ChessBase"]
[SourceQuality "1"]

{[%evp 15,124,0,20,7,27,36,39,31,80,93,96,93,97,88,127,142,162,108,104,60,72,0,9,10,124,155,177,0,0,0,154,93,379,364,354,263,268,265,281,283,262,272,306,300,367,353,349,264,302,297,365,229,241,227,264,271,350,347,295,336,320,251,256,212,266,-10,-10,-43,-43,-43,-10,-10,-10,-14,0,-40,-40,-48,-41,-51,-41,-40,0,-41,-40,-40,-40,-40,-40,-40,-40,-40,-40,-40,-40,-40,-40,-60,-60,-60,-60,-29987,-29988,-29989,-29988,-29988,-29989,-29989,-29990,-29990,-29991]} 1. e4 e5 2. Bc4 Nf6 3. Nf3 Nc6 4. Ng5 d5 5. exd5 Na5 6. Bb5+ c6 7. dxc6 bxc6 8. Qf3 Be7 {LiveBook: 79 Games. C58: Two Knights: 4 Ng5 d5 5 exd5 Na5 sidelines} 9. Ne4 (9. Bd3 O-O 10. Nc3 h6 11. Nge4 Nxe4 12. Qxe4 f5 13. Qxe5 Bd6 14. Qd4 Bb7 15. b4 c5 16. bxc5 {1-0 (46) Van Foreest,L (2481)-Amin,B (2693) Wijk aan Zee 2018}) 9... Nxe4 $146 (9... Nd5 {looks sharper.} 10. Nec3 cxb5 11. Qxd5 Bd7 12. Nxb5 O-O) ({Predecessor:} 9... Nd5 10. Ba4 O-O 11. Nec3 f5 12. Bxc6 Nb4 13. Bxa8 Nxc2+ 14. Kd1 e4 15. Qe2 Nb4 16. a3 {0-1 (27) Divya,D (2138)-Srija,S (2207) Mumbai 2018}) 10. Qxe4 {[%mdl 64] Double Attack} cxb5 {White is slightly better.} 11. Qxa8 O-O 12. O-O (12. Qxa7 Nc6 $17) 12... Qb6 13. Qf3 Bb7 14. Qh3 f5 15. d3 f4 16. Nc3 (16. Nd2 $18) 16... Qg6 $16 17. Re1 (17. Nxb5 $6 Bc8 $11) 17... Nc6 18. Nd5 ({Of course not} 18. Nxb5 $6 a6 $11) ({White should try} 18. Qf3 $16) 18... Bc5 {Hoping for ...Bc8.} 19. c3 {And now d4! would win.} Bc8 (19... Rd8 $11) 20. Qf3 Bg4 {[#]} 21. Qe4 $2 (21. Nxf4 $1 $18 Rxf4 (21... exf4 22. Qd5+) 22. Qd5+ {[%mdl 64] Double Attack} Rf7 23. Qxc5) 21... Bf5 $11 22. Qf3 {Black must now prevent d4!} Bxd3 $2 {[#]} (22... Bg4 $11 23. Nxf4 Rxf4 24. Qd5+ {[%mdl 64] Double Attack} Rf7 25. Qxc5 Bf3) 23. b4 (23. Nxf4 $142 $1 exf4 24. Qd5+ {[%mdl 64] Double Attack} Rf7 25. Re8+ (25. Qxc5 Rf5 $11) 25... Bf8 26. Bxf4) 23... Bd6 $2 {[%mdl 8192]} (23... Bb6 $16) 24. Nxf4 $1 $18 exf4 25. Qxc6 f3 {[%csl Gf3][%cal Rg6g2]} 26. Qd5+ Kh8 {[%csl Gf3][%cal Rg6g2]} 27. Qg5 Qf7 28. Be3 h6 29. Qg4 fxg2 30. Rad1 Bf5 31. Qxg2 Qc7 {Black hopes to continue with ...Rf6.} 32. Bd4 Bf4 33. f3 Kh7 34. Re2 Rd8 35. Rde1 Bg5 36. Re7 Rd7 37. Rxd7 Qxd7 38. f4 Bxf4 39. Qf2 Qd6 40. Re3 $2 ({But not} 40. Bxa7 Bd3 $18) (40. h4 $18) 40... Qg6+ $11 41. Rg3 Bxg3 42. Qxg3 Qf7 43. Qe5 Bd3 {[%csl Gd3][%cal Rf7f1]} 44. Kg2 Qxa2+ 45. Kg3 {[%csl Gd4][%cal Re5g7]} (45. Kf3 $5 {[%cal Re5g7]} Qf7+ 46. Ke3 $11) 45... Qf7 46. Qf4 Qe6 47. Qe5 {[%csl Gd4][%cal Re5g7]} Qg6+ 48. Kf2 Be4 49. Qg3 Qf7+ 50. Ke3 Bg6 51. Qe5 Qd7 52. Kd2 a6 53. h4 Qf7 54. Ke3 Bf5 55. Kd2 Qg6 56. Qe7 Qg2+ 57. Ke1 Be4 58. Bxg7 $2 {[%mdl 8192]} (58. Qe5 $15) 58... Qg3+ {Black mates.} ({Not} 58... Qxg7 59. Qxe4+ Qg6 60. Qd4 $11) 59. Kd2 Qf4+ 60. Kd1 Qf1+ 61. Kd2 Qd3+ 62. Ke1 Qe3+ {Accuracy: White = 48%, Black = 50%.} 0-1

[Event "Moscow Rapid-ch 2018"]
[Site "Moscow"]
[Date "2018.12.08"]
[Round "6"]
[White "Pavlov, Danila"]
[Black "Stukan, Martin"]
[Result "1/2-1/2"]
[WhiteElo "2323"]
[BlackElo "2142"]
[Annotator "NA"]
[PlyCount "123"]
[EventDate "2018.12.08"]
[EventType "swiss"]
[EventCountry "RUS"]
[SourceTitle "playchess.com"]
[Source "ChessBase"]
[SourceQuality "1"]
[TimeControl "900+10"]

1. e4 {[%emt 0:00:00]} c5 {[%emt 0:00:00]} 2. Nf3 {[%emt 0:00:00]} d6 {[%emt 0:00:00]} 3. d4 {[%emt 0:00:00]} cxd4 {[%emt 0:00:00]} 4. Nxd4 {[%emt 0:00:00]} Nf6 {[%emt 0:00:00]} 5. Nc3 a6 6. Be3 {[%emt 0:00:00]} e5 {[%emt 0:00:00]} 7. Nb3 {[%emt 0:00:00]} Be6 {[%emt 0:00:00]} 8. Qd2 {[%emt 0:00:00]} Nbd7 {[%emt 0:00:02]} 9. O-O-O {[%emt 0:00:01]} Be7 {[%emt 0:00:04]} 10. f4 {[%emt 0:00:01]} Rc8 {[%emt 0:00:14]} 11. f5 {[%emt 0:00:03]} Bc4 {[%emt 0:00:01]} 12. g4 {[%emt 0:00:02]} Bxf1 {[%emt 0:00:29]} 13. Rdxf1 {[%emt 0:00:01]} Nxg4 {[%emt 0:00:02]} 14. Rhg1 {[%emt 0:00:01]} Nxe3 {[%emt 0:00:02]} 15. Qxe3 {[%emt 0:00:00]} h6 {[%emt 0:00:01]} 16. Kb1 {[%emt 0:00:02]} Bg5 {[%emt 0:00:14]} 17. Qd3 {[%emt 0:00:36]} Nb6 {[%emt 0:00:57]} 18. Nd5 {[%emt 0:02:38]} Nxd5 {[%emt 0:00:03]} 19. Qxd5 {[%emt 0:00:01]} Qc7 {[%emt 0:00:08]} 20. c3 {[%emt 0:01:04]} Qc6 {[%emt 0:00:17]} 21. Qd3 {[%emt 0:00:04]} Ke7 {[%emt 0:01:22]} 22. Rd1 {[%emt 0:01:31]} Rhd8 {[%emt 0:00:50]} 23. Na1 {[%emt 0:01:09]} Qc4 {[%emt 0:01:00]} 24. Nc2 {[%emt 0:00:38]} Qxd3 {[%emt 0:00:09]} 25. Rxd3 {[%emt 0:00:01]} Rc4 {[%emt 0:00:20]} 26. Re1 {[%emt 0:00:01]} a5 {[%emt 0:00:08]} 27. Na3 {[%emt 0:00:12]} Rc5 {[%emt 0:00:01]} 28. c4 {[%emt 0:00:03]} g6 {[%emt 0:00:42]} 29. fxg6 {[%emt 0:00:15]} fxg6 {[%emt 0:00:01]} 30. Red1 {[%emt 0:00:01]} Ke6 {[%emt 0:01:18]} 31. b3 {[%emt 0:00:07]} Be7 {[%emt 0:00:11]} 32. Rg3 {[%emt 0:00:56]} g5 {[%emt 0:00:12]} 33. Rh3 {[%emt 0:00:08]} Rh8 {[%emt 0:00:02]} 34. Nc2 {[%emt 0:00:08]} b5 {[%emt 0:00:17]} 35. cxb5 {[%emt 0:00:27]} Rxb5 {[%emt 0:00:02]} 36. Ne3 {[%emt 0:00:03]} Rb4 {[%emt 0:00:48]} 37. Nc4 {[%emt 0:00:02]} a4 {[%emt 0:00:02]} 38. a3 {[%emt 0:00:29]} Rxb3+ {[%emt 0:00:22]} 39. Rxb3 {[%emt 0:00:01]} axb3 {[%emt 0:00:02]} 40. Kb2 {[%emt 0:00:21]} h5 {[%emt 0:00:02]} 41. a4 {[%emt 0:00:06]} g4 {[%emt 0:00:06]} 42. a5 {[%emt 0:00:02]} Bh4 {[%emt 0:00:53]} 43. Rxd6+ {[%emt 0:00:06]} Ke7 {[%emt 0:00:01]} 44. a6 {[%emt 0:01:19]} Bf2 {[%emt 0:00:04]} 45. Rg6 {[%emt 0:00:07]} Bd4+ {[%emt 0:00:15]} 46. Kxb3 {[%emt 0:00:07]} Kf7 {[%emt 0:00:02]} 47. Rc6 {[%emt 0:00:27]} h4 {[%emt 0:00:08]} 48. Nd6+ {[%emt 0:00:05]} Ke7 {[%emt 0:00:29]} 49. Nf5+ {[%emt 0:00:03]} Kd7 {[%emt 0:00:01]} 50. Nxd4 {[%emt 0:01:56]} exd4 {[%emt 0:01:23]} 51. Rc1 {[%emt 0:00:50]} Rb8+ {[%emt 0:03:56]} 52. Ka4 {[%emt 0:00:07]} Rb2 {[%emt 0:00:04]} 53. Rg1 {[%emt 0:02:06]} Rxh2 {[%emt 0:01:18]} 54. Rxg4 {[%emt 0:00:02]} Kc7 {[%emt 0:00:02]} 55. Kb5 {[%emt 0:00:55]} Rb2+ {[%emt 0:00:29]} 56. Kc5 {[%emt 0:00:02]} d3 {[%emt 0:00:36]} 57. Rxh4 {[%emt 0:03:28]} Rc2+ {[%emt 0:00:13]} 58. Kb5 {[%emt 0:00:20]} d2 {[%emt 0:00:06]} 59. Rh7+ {[%emt 0:00:17]} Kd6 {[%emt 0:02:12]} 60. Rh6+ {[%emt 0:00:46]} Ke5 {[%emt 0:00:17]} 61. Rh5+ {[%emt 0:00:09]} Kxe4 {[%emt 0:01:00]} 62. Rh1 {[%emt 0:00:24]} 1/2-1/2

[Event "Moscow Rapid-ch 2018"]
[Site "Moscow"]
[Date "2018.12.08"]
[Round "6"]
[White "Dudin, Gleb"]
[Black "Dvalishvili, Pavel S."]
[Result "0-1"]
[WhiteElo "2303"]
[BlackElo "2396"]
[Annotator "NA"]
[PlyCount "86"]
[EventDate "2018.12.08"]
[EventType "swiss"]
[EventCountry "RUS"]
[SourceTitle "playchess.com"]
[Source "ChessBase"]
[SourceQuality "1"]
[TimeControl "900+10"]

1. d4 {[%emt 0:00:00]} g6 {[%emt 0:00:00]} 2. c4 {[%emt 0:00:00]} Bg7 {[%emt 0:00:00]} 3. Nf3 {[%emt 0:00:04]} c5 {[%emt 0:00:00]} 4. d5 {[%emt 0:01:17]} b5 {[%emt 0:00:00]} 5. cxb5 {[%emt 0:00:03]} a6 {[%emt 0:00:00]} 6. b6 {[%emt 0:00:02]} Qxb6 {[%emt 0:00:03]} 7. Nc3 {[%emt 0:00:05]} Nf6 {[%emt 0:00:03]} 8. e4 {[%emt 0:00:05]} d6 {[%emt 0:00:01]} 9. a4 {[%emt 0:00:18]} O-O {[%emt 0:00:07]} 10. a5 {[%emt 0:00:02]} Qc7 {[%emt 0:00:02]} 11. Bc4 {[%emt 0:00:05]} Bg4 {[%emt 0:00:53]} 12. h3 {[%emt 0:01:47]} Bxf3 {[%emt 0:00:02]} 13. gxf3 {[%emt 0:00:02]} Nbd7 {[%emt 0:00:05]} 14. f4 {[%emt 0:00:24]} Rfb8 {[%emt 0:00:01]} 15. Qd3 {[%emt 0:00:26]} Qb7 {[%emt 0:01:59]} 16. O-O {[%emt 0:01:37]} Ne8 {[%emt 0:00:02]} 17. h4 Nc7 18. h5 {[%emt 0:01:16]} Nb5 {[%emt 0:00:27]} 19. hxg6 {[%emt 0:00:09]} fxg6 {[%emt 0:00:01]} 20. e5 {[%emt 0:00:29]} Nd4 {[%emt 0:00:17]} 21. e6 {[%emt 0:00:43]} Nf6 {[%emt 0:00:03]} 22. Kg2 {[%emt 0:00:14]} Nb3 {[%emt 0:00:14]} 23. Ra2 {[%emt 0:00:23]} Nxc1 {[%emt 0:00:04]} 24. Rxc1 {[%emt 0:00:01]} Nh5 {[%emt 0:00:04]} 25. Ne2 {[%emt 0:00:26]} Rf8 {[%emt 0:00:02]} 26. Ra4 {[%emt 0:03:46]} Qxb2 {[%emt 0:00:37]} 27. Rc2 {[%emt 0:00:36]} Qb7 {[%emt 0:00:16]} 28. Ba2 {[%emt 0:00:12]} Qb5 {[%emt 0:00:40]} 29. Qa3 {[%emt 0:00:39]} Bd4 {[%emt 0:00:29]} 30. Bc4 {[%emt 0:03:01]} Qb7 {[%emt 0:00:10]} 31. Qf3 {[%emt 0:00:15]} Rf6 {[%emt 0:00:49]} 32. Bd3 {[%emt 0:00:18]} Raf8 {[%emt 0:00:22]} 33. Rxd4 {[%emt 0:00:58]} cxd4 {[%emt 0:00:03]} 34. f5 {[%emt 0:00:01]} Rxf5 {[%emt 0:00:15]} 35. Bxf5 {[%emt 0:00:18]} Rxf5 {[%emt 0:00:00]} 36. Qe4 {[%emt 0:00:14]} Nf6 {[%emt 0:00:36]} 37. Qxd4 {[%emt 0:00:29]} Rxd5 {[%emt 0:00:01]} 38. Qb6 {[%emt 0:00:01]} Rg5+ {[%emt 0:00:02]} 39. Kf1 {[%emt 0:00:11]} Qh1+ {[%emt 0:00:01]} 40. Ng1 {[%emt 0:00:13]} Rxg1+ {[%emt 0:00:03]} 41. Ke2 {[%emt 0:00:00]} Qe4+ 42. Kd2 {[%emt 0:00:05]} Qe1+ {[%emt 0:00:26]} 43. Kd3 {[%emt 0:00:01]} Qd1+ {[%emt 0:00:30]} 0-1

[Event "Moscow Rapid-ch 2018"]
[Site "Moscow"]
[Date "2018.12.08"]
[Round "6"]
[White "Gurvich, Vitaly"]
[Black "Vlasov, Sergey"]
[Result "1/2-1/2"]
[WhiteElo "2270"]
[BlackElo "2229"]
[Annotator "NA"]
[PlyCount "97"]
[EventDate "2018.12.08"]
[EventType "swiss"]
[EventCountry "RUS"]
[SourceTitle "playchess.com"]
[Source "ChessBase"]
[SourceQuality "1"]
[TimeControl "900+10"]

1. d4 {[%emt 0:00:00]} Nf6 {[%emt 0:00:00]} 2. c4 {[%emt 0:00:00]} e6 {[%emt 0:00:00]} 3. Nf3 {[%emt 0:00:00]} d5 {[%emt 0:00:43]} 4. Bg5 {[%emt 0:00:00]} Nbd7 {[%emt 0:00:07]} 5. e3 {[%emt 0:00:02]} Be7 {[%emt 0:00:16]} 6. Nc3 {[%emt 0:00:04]} h6 {[%emt 0:01:22]} 7. Bh4 {[%emt 0:00:02]} Ne4 {[%emt 0:00:35]} 8. Bxe7 {[%emt 0:00:07]} Qxe7 {[%emt 0:00:02]} 9. cxd5 {[%emt 0:00:02]} Nxc3 {[%emt 0:00:06]} 10. bxc3 {[%emt 0:00:01]} exd5 {[%emt 0:00:02]} 11. Qb3 {[%emt 0:00:02]} c6 {[%emt 0:00:18]} 12. a4 {[%emt 0:00:06]} a5 {[%emt 0:00:26]} 13. Be2 {[%emt 0:00:09]} O-O {[%emt 0:00:06]} 14. O-O {[%emt 0:00:03]} Nf6 {[%emt 0:04:08]} 15. Ne5 {[%emt 0:00:43]} Ne4 {[%emt 0:00:42]} 16. Qb2 {[%emt 0:00:04]} Qc7 {[%emt 0:00:57]} 17. c4 {[%emt 0:00:43]} dxc4 {[%emt 0:00:11]} 18. Bxc4 {[%emt 0:00:12]} Nd6 {[%emt 0:00:02]} 19. Bb3 {[%emt 0:00:26]} Bf5 {[%emt 0:00:11]} 20. Rac1 {[%emt 0:00:11]} Rae8 {[%emt 0:00:39]} 21. f3 {[%emt 0:00:23]} Qe7 {[%emt 0:00:36]} 22. Rfe1 {[%emt 0:00:39]} Be6 {[%emt 0:00:40]} 23. Qc3 {[%emt 0:01:45]} Bxb3 {[%emt 0:00:44]} 24. Qxb3 {[%emt 0:00:02]} Qe6 {[%emt 0:02:57]} 25. Qc3 {[%emt 0:00:20]} Ra8 {[%emt 0:00:05]} 26. Rb1 {[%emt 0:00:34]} Rfe8 {[%emt 0:00:03]} 27. Qb3 {[%emt 0:01:31]} Qxb3 {[%emt 0:00:17]} 28. Rxb3 {[%emt 0:00:01]} f6 {[%emt 0:00:15]} 29. Nd3 {[%emt 0:00:09]} b5 {[%emt 0:00:56]} 30. Nc5 {[%emt 0:00:06]} b4 {[%emt 0:00:20]} 31. Kf2 {[%emt 0:00:19]} Kf7 {[%emt 0:00:02]} 32. Rc1 {[%emt 0:00:10]} Rec8 {[%emt 0:00:17]} 33. Nd3 {[%emt 0:00:33]} Ke7 {[%emt 0:00:21]} 34. g4 {[%emt 0:00:36]} Kd8 {[%emt 0:00:31]} 35. Nc5 {[%emt 0:00:12]} Ke7 {[%emt 0:00:09]} 36. h4 {[%emt 0:00:18]} Rc7 {[%emt 0:00:09]} 37. Rg1 {[%emt 0:00:31]} Nc4 {[%emt 0:00:38]} 38. g5 {[%emt 0:00:48]} hxg5 {[%emt 0:00:20]} 39. hxg5 {[%emt 0:00:01]} Kf7 {[%emt 0:00:21]} 40. gxf6 {[%emt 0:01:22]} Kxf6 {[%emt 0:00:33]} 41. Rbb1 {[%emt 0:02:19]} Rh8 {[%emt 0:00:05]} 42. Rg2 {[%emt 0:00:10]} Rf7 {[%emt 0:00:33]} 43. Rc1 {[%emt 0:00:22]} Nd6 {[%emt 0:00:04]} 44. Nd3 {[%emt 0:00:35]} Rc8 {[%emt 0:00:15]} 45. Ne5 {[%emt 0:00:15]} Re7 {[%emt 0:00:09]} 46. Rg6+ {[%emt 0:00:06]} Kf5 {[%emt 0:00:05]} 47. Rxd6 {[%emt 0:00:06]} c5 {[%emt 0:00:13]} 48. e4+ {[%emt 0:00:13]} Kg5 {[%emt 0:00:04]} 49. Rg6+ {[%emt 0:00:07]} 1/2-1/2

[Event "Moscow Rapid-ch 2018"]
[Site "Moscow"]
[Date "2018.12.08"]
[Round "6"]
[White "Utiatskaja, Irina"]
[Black "Paramzina, Anastasya"]
[Result "0-1"]
[WhiteElo "2246"]
[BlackElo "2229"]
[Annotator "NA"]
[PlyCount "73"]
[EventDate "2018.12.08"]
[EventType "swiss"]
[EventCountry "RUS"]
[SourceTitle "playchess.com"]
[Source "ChessBase"]
[SourceQuality "1"]
[TimeControl "900+10"]

1. e4 {[%emt 0:00:00]} c5 {[%emt 0:00:00]} 2. Nf3 {[%emt 0:00:00]} d6 {[%emt 0:00:00]} 3. d4 {[%emt 0:00:00]} cxd4 {[%emt 0:00:00]} 4. Nxd4 {[%emt 0:00:00]} Nf6 {[%emt 0:00:00]} 5. Nc3 {[%emt 0:00:00]} a6 {[%emt 0:00:01]} 6. Be3 {[%emt 0:00:00]} e6 {[%emt 0:00:10]} 7. g4 {[%emt 0:00:30]} h6 {[%emt 0:00:30]} 8. Rg1 {[%emt 0:02:00]} Nc6 {[%emt 0:00:37]} 9. h4 {[%emt 0:00:28]} d5 {[%emt 0:02:38]} 10. exd5 {[%emt 0:00:44]} Nxd5 {[%emt 0:00:14]} 11. Nxd5 {[%emt 0:00:11]} Qxd5 {[%emt 0:00:12]} 12. Bg2 {[%emt 0:00:13]} Qa5+ {[%emt 0:00:21]} 13. c3 {[%emt 0:00:49]} Ne5 {[%emt 0:01:32]} 14. Qe2 {[%emt 0:00:56]} Be7 {[%emt 0:00:47]} 15. g5 {[%emt 0:02:06]} h5 {[%emt 0:03:02]} 16. a3 {[%emt 0:01:09]} Ng6 {[%emt 0:00:22]} 17. Rh1 {[%emt 0:02:32]} e5 {[%emt 0:00:41]} 18. Nc2 {[%emt 0:00:33]} Qa4 {[%emt 0:00:55]} 19. O-O-O {[%emt 0:00:45]} Nxh4 {[%emt 0:01:10]} 20. Bd5 {[%emt 0:00:07]} g6 {[%emt 0:00:59]} 21. b3 {[%emt 0:00:40]} Qg4 {[%emt 0:00:32]} 22. f3 {[%emt 0:00:29]} Qg2 {[%emt 0:00:06]} 23. Qc4 {[%emt 0:00:24]} Bf5 {[%emt 0:00:02]} 24. Bxf7+ {[%emt 0:01:42]} Kf8 {[%emt 0:00:01]} 25. Bd2 {[%emt 0:00:10]} Rc8 {[%emt 0:00:21]} 26. Qxh4 {[%emt 0:00:08]} Rxc3 {[%emt 0:00:08]} 27. Qe4 {[%emt 0:01:03]} Bxe4 {[%emt 0:00:06]} 28. fxe4 {[%emt 0:00:00]} Rxc2+ {[%emt 0:00:16]} 29. Kxc2 {[%emt 0:00:06]} Qxe4+ {[%emt 0:00:28]} 30. Kb2 {[%emt 0:00:01]} Kxf7 {[%emt 0:00:02]} 31. Rhf1+ {[%emt 0:00:15]} Ke6 {[%emt 0:00:33]} 32. Rfe1 {[%emt 0:00:42]} Qd4+ {[%emt 0:00:50]} 33. Bc3 {[%emt 0:00:13]} Bxa3+ {[%emt 0:00:06]} 34. Kc2 {[%emt 0:00:25]} Qf2+ {[%emt 0:00:02]} 35. Kb1 {[%emt 0:00:13]} Bd6 {[%emt 0:00:10]} 36. Rxd6+ {[%emt 0:00:56]} Kxd6 {[%emt 0:00:06]} 37. Bxe5+ {[%emt 0:00:04] Kxe5} 0-1

[Event "Moscow Rapid-ch 2018"]
[Site "Moscow"]
[Date "2018.12.08"]
[Round "6"]
[White "Strutinskaia, Galina"]
[Black "Zaitseva, Lyudmila"]
[Result "1-0"]
[WhiteElo "2201"]
[BlackElo "1931"]
[Annotator "NA"]
[PlyCount "63"]
[EventDate "2018.12.08"]
[EventType "swiss"]
[EventCountry "RUS"]
[SourceTitle "playchess.com"]
[Source "ChessBase"]
[SourceQuality "1"]
[TimeControl "900+10"]

1. b3 Nf6 2. Bb2 g6 3. f4 Bg7 4. Nf3 O-O 5. e3 a6 6. Be2 b5 7. O-O Bb7 8. d3 d6 9. Qe1 Nbd7 10. Qh4 c5 11. Nbd2 Rc8 12. a4 d5 13. c4 dxc4 14. bxc4 b4 15. a5 Nb8 16. f5 Nc6 17. fxg6 fxg6 18. Ng5 h6 19. Ne6 Qd6 20. Nxf8 Rxf8 21. Nb3 g5 22. Qg3 e5 23. Rad1 Qe7 24. h4 gxh4 25. Qxh4 Nd8 26. Rf5 Nf7 27. Rdf1 Kh7 28. Rxf6 Bxf6 29. Qxf6 Qxf6 30. Rxf6 Kg7 31. Rb6 Bc8 32. Nxc5 1-0

[Event "Moscow Rapid-ch 2018"]
[Site "Moscow"]
[Date "2018.12.08"]
[Round "6"]
[White "Chudinovskikh, Alexander M"]
[Black "Andreev, Konstantin"]
[Result "1-0"]
[WhiteElo "2184"]
[BlackElo "2276"]
[Annotator "NA"]
[PlyCount "47"]
[EventDate "2018.12.08"]
[EventType "swiss"]
[EventCountry "RUS"]
[SourceTitle "playchess.com"]
[Source "ChessBase"]
[SourceQuality "1"]
[TimeControl "900+10"]

1. e4 c5 2. Nf3 Nc6 3. Bb5 e6 4. O-O Nge7 5. Re1 Ng6 6. c3 Be7 7. d4 O-O 8. d5 Qb6 9. Bf1 Na5 10. c4 e5 11. Bd2 Qc7 12. d6 Bxd6 13. Bxa5 Qxa5 14. Qxd6 Nh4 15. Nc3 Nxf3+ 16. gxf3 Qb4 17. Nd5 Qxb2 18. Ne7+ Kh8 19. Ng6+ hxg6 20. Qxf8+ Kh7 21. Rad1 b6 22. Qxf7 Qxa2 23. Rd6 g5 24. Bh3 1-0

[Event "Moscow Rapid-ch 2018"]
[Site "Moscow"]
[Date "2018.12.08"]
[Round "6"]
[White "Gorovenko, Darya"]
[Black "Chasovnikova, Eugenia"]
[Result "0-1"]
[WhiteElo "2163"]
[BlackElo "2201"]
[Annotator "NA"]
[PlyCount "64"]
[EventDate "2018.12.08"]
[EventType "swiss"]
[EventCountry "RUS"]
[SourceTitle "playchess.com"]
[Source "ChessBase"]
[SourceQuality "1"]
[TimeControl "900+10"]

1. d4 {[%emt 0:00:00]} Nf6 {[%emt 0:00:00]} 2. Nf3 {[%emt 0:00:00]} c5 {[%emt 0:00:00]} 3. d5 {[%emt 0:00:00]} e6 {[%emt 0:00:00]} 4. c4 {[%emt 0:00:00]} exd5 {[%emt 0:00:00]} 5. cxd5 {[%emt 0:00:00]} d6 {[%emt 0:00:00]} 6. Nc3 {[%emt 0:00:00]} g6 {[%emt 0:00:00]} 7. Qa4+ {[%emt 0:00:05]} Bd7 {[%emt 0:00:18]} 8. Qb3 {[%emt 0:00:01]} b6 {[%emt 0:00:28]} 9. Bf4 {[%emt 0:00:12]} Nh5 {[%emt 0:01:04]} 10. Bg5 {[%emt 0:00:02]} Be7 {[%emt 0:01:42]} 11. Bh6 {[%emt 0:00:59]} Bf8 {[%emt 0:02:03]} 12. Bxf8 {[%emt 0:00:30]} Kxf8 {[%emt 0:00:02]} 13. Ne4 {[%emt 0:00:25]} Qe7 {[%emt 0:01:06]} 14. Qc3 {[%emt 0:00:26]} f6 {[%emt 0:01:08]} 15. Ng3 {[%emt 0:01:41]} Nxg3 {[%emt 0:01:41]} 16. hxg3 {[%emt 0:00:02]} Kg7 {[%emt 0:00:22]} 17. e3 {[%emt 0:00:10]} b5 {[%emt 0:00:35]} 18. Bd3 {[%emt 0:00:28]} Na6 {[%emt 0:00:35]} 19. O-O-O {[%emt 0:03:20]} c4 {[%emt 0:00:14]} 20. Bc2 {[%emt 0:00:19]} Rac8 {[%emt 0:00:51]} 21. Kb1 {[%emt 0:01:33]} b4 {[%emt 0:00:07]} 22. Qd4 {[%emt 0:00:02]} b3 {[%emt 0:00:48]} 23. axb3 {[%emt 0:00:03]} cxb3 {[%emt 0:00:07]} 24. Bxb3 {[%emt 0:00:01]} Bf5+ {[%emt 0:00:27]} 25. e4 {[%emt 0:01:39]} Bxe4+ {[%emt 0:00:15]} 26. Ka2 {[%emt 0:00:01]} Rc5 {[%emt 0:00:58]} 27. Rhe1 {[%emt 0:01:10]} Ra5+ {[%emt 0:00:05]} 28. Ba4 {[%emt 0:00:01]} Nc5 {[%emt 0:00:08]} 29. b3 {[%emt 0:00:02]} Qb7 {[%emt 0:00:33]} 30. Rxe4 {[%emt 0:01:57]} Qxb3+ {[%emt 0:00:23]} 31. Ka1 {[%emt 0:00:09]} Nxe4 {[%emt 0:01:29]} 32. Qxe4 {[%emt 0:00:29]} Rxa4+ {[%emt 0:00:23]} 0-1